00634nam a2200205Ia 450000500170000000800410001702000150005804000180007304100080009110000350009924500900013426000480022430000180027249000320029050400270032265000190034965000300036865000120039865000180041020211111074835.0130821s1999 sp gr spa  a8480029080 aCo-BoUCMbspa00aspa1 aDíez Ripollés, José Luis14aLos delitos contra la seguridad de menores e incapacescJosé Luis Díez Ripollés aValencia (España)bTirant lo Blanchc1999 a187 páginas aColección los delitosv21 aIncluye bibliografía04aCriminología04aDelitos contra la persona04aDelitos04aDerecho penal